En verso y prosa : (Registro nro. 10559)

Detalles MARC
000 -LIDER
fixed length control field 01639cam a2200433 i 4500
001 - NÚMERO DE CONTROL
Identificador de número de control 0000441
003 - IDENTIFICACDOR DE NÚMERO DE CONTROL
control field DO-SdBNP
005 - DATE AND TIME OF LATEST TRANSACTION
control field 20221111095657.0
007 - CAMPOS FIJOS DE DESCRIPCIÓN FÍSICA
fixed length control field 0000441
008 - ELEMENTOS DE LONGITUD FIJA
fixed length control field 100514s2010 sp |||| 000 f spa
015 ## - NÚMERO DENTRO DE LA BIBLIOGRAFÍA NACIONAL
National bibliography number
017 ## - NÚMERO DE REGISTRO DE DERECHOS DE AUTOR
Copyright or legal deposit number
Assigning agency
020 ## - ISBN
International Standard Book Number 9788420405599
035 ## - NÚMERO LOCAL
System control number
040 ## - FUENTE DE CATALOGACIÓN
Agencia que crea de manera original el registro BPMSU
Idioma de catalogación spa
Agencia que realiza la transcripción BPMSU
Convenciones de la despripción
080 ## - NÚMERO DE CLASIFICACIÓN DECIMAL UNIVERSAL
Universal Decimal Classification number
082 #4 - NÚMERO DE CLASIFICACIÓN DECIMAL DE DEWEY
Classification number Ch861.08
Item number M678v 2010
Edition number 22
092 ## - LOCALLY ASSIGNED DEWEY DECIMAL CALL NUMBER
Número de edición
100 1# - ASIENTO PRINCIPAL -- NOMBRE PERSONAL
Nombre personal Mistral, Gabriela
Fechas asociadas con el nombre 1889-1957
245 13 - MENCIÓN DE TITULO
Título En verso y prosa :
Medio (Designación general de material) antología /
Mención de responsabilidad Gabriela Mistral
246 13 - VARIACION DEL TÍTULO
Título propiamente dicho o título corto Gabriela Mistral en verso y prosa. Antología
260 ## - PUBLICACIÓN, DISTRIBUCIÓN, ETC. (PIE DE IMPRENTA)
Lugar de publicación, distribución, etc Madrid :
Nombre del editor, distribuidor, etc. Real Academia Española,
Fecha de publicación, distribución, etc 2010.
Nombre del editor, distribuidor, etc.
300 ## - DESCRIPCIÓN FÍSICA
Extensión cxx, 758 p.:
Dimensiones 21 cm
490 0# - MENCIÓN DE SERIES
Mención de serie Edición conmemorativa
500 ## - NOTA GENERAL
Nota general Incluye glosario
500 ## - NOTA GENERAL
Nota general Incluye índice onomástico
500 ## - NOTA GENERAL
Nota general Incluye índice alfabético de títulos
500 ## - NOTA GENERAL
Nota general Incluye índice de primeros versos
504 ## - NOTA DE BIBLIOGRAFÍA, ETC.
Bibliography, etc Bibliografía p: 683 - 699
505 ## - NOTA DE CONTENIDO
Texto normalizado de contenido Presentación. -- Gabriela. -- Trechos del itinerario mistraliano. -- Semejanzas de Gabriela en voces de Mistral. -- La veta mística en la lírica de Gabriela Mistral. -- La Prosa de Gabriela Mistral. -- Gabriela Mistral: El significado de un nobel. -- Nota explicativa de la edición. -- En verso y prosa. Antología. -- Poesía. -- Las voces de Gabriela Mistral.
590 ## - NOTA LOCAL
Enlace Inventariado, 2022/VM
650 #4 - ENCABEZAMIENTO DE MATERIA--TEMÁTICO
Término temático o nombre geográfico como elemento de entrada Poesía chilena
Subdivisión de forma Colecciones
650 #4 - ENCABEZAMIENTO DE MATERIA--TEMÁTICO
Término temático o nombre geográfico como elemento de entrada Literatura chilena
710 2# - ASIENTO SECUNDARIO -- NOMBRE CORPORATIVO
Nombre corporativo o de jurisdicción Asociación de Academias de la Lengua Española
710 2# - ASIENTO SECUNDARIO -- NOMBRE CORPORATIVO
Nombre corporativo o de jurisdicción Real Academia Española
830 #0 - ASIENTO SECUNDARIO DE SERIE--TÍTULO UNIFORME
Título uniforme Edición conmemorativa
910 ## - VALIDACIÓN
Validación VMateo V./Validado
942 ## - ADDED ENTRY ELEMENTS (KOHA)
Source of classification or shelving scheme Dewey Decimal Classification
Koha item type Libros
Existencias
Withdrawn status Lost status Source of classification or shelving scheme Damaged status Not for loan Collection code Home library Current library Date acquired Source of acquisition Full call number Barcode Date last seen Price effective from Koha item type Copy number
    Dewey Decimal Classification     Colección General Biblioteca Pública Metropolitana Salomé Ureña Biblioteca Pública Metropolitana Salomé Ureña 06/23/2016 Compra BPMSU CG Ch861.08 M678v 2010 BPMSU16060477 06/23/2016 06/23/2016 Libros  
    Dewey Decimal Classification     Colección General Biblioteca Pública Metropolitana Salomé Ureña Biblioteca Pública Metropolitana Salomé Ureña 06/23/2016 Compra BPMSU CG Ch861.08 M678v 2010 BPMSU16060478 06/23/2016 06/23/2016 Libros e.2
    Dewey Decimal Classification     Colección General Biblioteca Pública Metropolitana Salomé Ureña Biblioteca Pública Metropolitana Salomé Ureña 06/23/2016 Compra BPMSU CG Ch861.08 M678v 2010 BPMSU16060479 06/23/2016 06/23/2016 Libros e.3